000 00431nam a22001697a 4500
005 20251108165036.0
008 250721s1996 xx 000 0 ara d
082 1 4 _a364/سلي
100 1 _aالمدني، سليمان
245 1 0 _aأباء قتله /
264 1 _aبيروت :
_bالمنارة،
_c1996.
300 _a237ص
650 1 7 _aالجريمة
650 1 7 _aالمجرمون
942 _2ddc
_cBK
999 _c20690
_d20690